000 00390nam a22001217a 4500
082 _aTHE 200
100 _aSYED SAFEER ABBAS
_972813
245 _aTH-SOF-0771-CONVECTIVE HEAT TRANSFER AND FLUID FLOW ANALYSIS INSIDE IGU FOR ENERGY EFFICIENT BUILDINGS
260 _aNUST COLLEGE OF EME
_bISLAMABAD
_c2001
650 _a MS-MECH-64 MSTHESIS
700 _aDR IMRAN AKHTAR
_911136
942 _cCF
999 _c578794
_d578794